| 000 | 00581nam a2200205 a 4500 | ||
|---|---|---|---|
| 005 | 20240425063928.0 | ||
| 008 | 010606s2000 es r 000 0 spa d | ||
| 020 | _a8495212684 | ||
| 035 | _aUPN01000107602 | ||
| 049 | _aCG | ||
| 050 | 4 |
_aLB2806.15 _bP4.2 |
|
| 100 | 1 |
_aPérez Ferra, Miguel, _d1954- |
|
| 245 | 1 | 0 |
_aConocer el currículum para asesorar en centros / _cMiguel Pérez Ferra. |
| 260 |
_aMálaga, Esp. : _bAljibe, _cc2000. |
||
| 300 | _a259 p. | ||
| 440 | 0 | _aPedagogía | |
| 650 | 2 |
_aPlanificación curricular _95734 |
|
| 650 | 4 |
_aEnseñanza _96215 |
|
| 905 | _aLibro | ||
| 999 |
_c81514 _d81514 |
||